We won the cup (Record no. 156741)

MARC details
000 -LÍDER
campo de controle de tamanho fixo 00339 a2200157 4500
001 - NÚMERO DE CONTROLE
campo de controle 156741
020 ## - ISBN - INTERNATIONAL STANDARD BOOK NUMBER
ISBN - International Standard Book Number 9780194401111
040 ## - FONTE DA CATALOGAÇÃO
Instituição que transcreveu o registro Escola São Tomás de Aquino
100 ## - ENTRADA PRINCIPAL--NOME PESSOAL
Nome pessoal WRIGHT, Craig
240 10 - TÍTULO UNIFORME
Título uniforme We won the cup
Idioma da obra eng
245 10 - TÍTULO
Título We won the cup
300 ## - DESCRIÇÃO FÍSICA
Extensão 34
362 0# - DATAS DE PUBLICAÇÃO E/OU DESIGNAÇÃO SEQUENCIAL
Datas de publicação e/ou designação sequencial 2016
697 ## - ENTRADA DE ASSUNTO LOCAL--ENTIDADE COLETIVA (RLIN)
Nome corporativo ou nome da jurisdição Língua inglesa
942 ## - ELEMENTOS DE ENTRADA ADICIONADOS (KOHA)
Tipo de material Koha Livros
Holdings
Situação do descarte Situação das perdas Situação física Não pode ser emprestado Biblioteca de origem Biblioteca atual Data de aquisição Total de empréstimos Número de chamada completo Código de barras Data de último acesso Data do preço efetivo Tipo de material Koha
        ESTA - SÃO BENTO ESTA - SÃO BENTO 30/04/2024   420 WRI WEW EST00011070 30/04/2024 30/04/2024 Livros